000 00782nam a22002297a 4500
999 _c21957
_d21957
003 AR-CdUCM
008 190306b ||||| |||| 00| 0 spa d
020 _a9798669535476
040 _aMUNICIPALIDAD PROVINCIAL DEL CUSCO
_cBIBLIOTECA MUNICIPAL DEL CUSCO
082 _a498/Y12
_bY12
100 _aYábar Calvo, Santiago
_946989
245 _aDiccionario Runa Simy Castellano /
_cSantiago Yábar Calvo
260 _aCusco :
_bDanny´s Graff,
_c2021.
300 _a722 páginas. :
_c21 cm.
505 _aContenido: Conjugaciones de verbos con persona, tiempo, número, palabras, sinónimos, antónimos y parónimos.
650 _aQuechua
_92063
650 _aDiccionario
_95196
650 _aEspañol
_97869
650 _aIdiomas
_924850
942 _2ddc
_cLIBROS
945 _arac